000 00803nam a2200241Ia 4500
003 OSt
005 20220923225240.0
006 a|||||r|||| 00| 0
007 ta
008 220922b |||||||| |||| 00| 0 hin d
024 _a261,265
037 _cTextual
040 _aARTS
_cARTS
_bhin
041 _2hin
_ahin
082 _aO152,6x, L0
100 _aशर्मा, ओमप्रकाश संपा
245 0 _aनिबन्ध रचना
246 _aNibandha rachanā
260 _aदिल्ली
_b हरिनाम कला पुस्तक भंडार
_c1968
650 _aहिन्दी साहित्य
_9156264
942 _hO152,6x, L0
_cTEXL
_2CC
999 _c377006
_d377006